000 00374nam a2200121Ia 4500
008 250110s9999 xx 000 0 und d
041 _aeng
100 _aBhavthankar Monica
_9182612
245 _aPaithani Kalagruha Centre For Traditional Art Of Paithani At Pune
260 _bFinal Year B.Arch ID, Pune
_c2014
300 _a88p
700 _aGuide Name:Sowani Avinash
_9210287
999 _c363479
_d363479